000 01972cam a22004574i 4500
003 PE-LiUPU
005 20250731173013.0
008 150616s1983 mx a rb 000 0 spa d
035 _a(Sirsi) a2303
040 _aPE-LiUPU
_bspa
_cPE-LiUPU
_erda
049 _aPRUA
082 0 4 _a286.772
_bS41
_221
100 1 _aSepúlveda, Ciro,
_eautor.
245 1 0 _aNace un Movimiento :
_bLos orígenes de la Iglesia Adventista en México 1891-1914 /
_cCiro Sepúlveda.
264 1 _aMontemorelos :
_bBiblos,
_c1983.
300 _a150 páginas :
_bilustraciones ;
_c20 centímetros
336 _atext
_2rdacontent
337 _aunmediated
_2rdamedia
338 _avolume
_2rdacarrier
504 _aIncluye bibliografía.
505 0 _aDe movimiento a institución -- El movimiento en España -- La reforma en España -- El cristianismo en México -- El gran despertar -- Los adventistas llegan a México -- El primer adventista en México -- La misión urbana de Guadalajara -- El profesor -- Folletos, periódicos y libros -- Médicos y enfermeras -- Primeros años del siglo XX -- Los hermanos Jiménez -- Los primeros años de la revolución.
526 _aSEG42
526 _aSEG41
526 _aSEG40
526 _aSEG39
526 _aP94
526 _aP87
526 _aP86
526 _aP85
526 _aP77
526 _aP76
526 _aP35
650 0 4 _aAdventistas del séptimo día
_xHistoria
_zMéxico
_y1891-1914.
910 _ajck
_bjvq
_cjck
942 _2ddc
_cBOOK
949 _a286.772 S41
_wDEWEY
_c1
_i22872
_lCCODEBUL1
_mBUL
_p00.00
_r0
_sY
_tBOOK
_u19840822
_xTEOLOGIA
_zUNKNOWN
_0COMPRA
_o.STAFF. Colección General
994 _aC0
_bPEPRU
596 _a1
999 _a286.772 S41
_wDEWEY
_c23662
_i22872
_d23662
_e2017-11-23
_f2021-11-11
_g5
_lCCODEBUL1
_mBUL
_n2
_p15.00
_q1
_r0
_sY
_tBOOK
_u2015-6-16
_xTEOLOGIA
_zUNKNOWN
_0COMPRA
_o.STAFF. Colección Teología
980 _81
_gALBERTO SANCHEZ Responsable de Automatización